Library Catalog

The story of Jesus for young children / (Record no. 491479)

MARC details
000 -LEADER
fixed length control field 00774nam a22002297a 4500
003 - CONTROL NUMBER IDENTIFIER
control field OSt
005 - DATE AND TIME OF LATEST TRANSACTION
control field 20260316112603.0
008 - FIXED-LENGTH DATA ELEMENTS--GENERAL INFORMATION
fixed length control field 260316b |||||||| |||| 00| 0 eng d
020 ## - INTERNATIONAL STANDARD BOOK NUMBER
International Standard Book Number 9780746062654
040 ## - CATALOGING SOURCE
Original cataloging agency Kenya National Library Service
082 ## - DEWEY DECIMAL CLASSIFICATION NUMBER
Classification number 232 AME
100 ## - MAIN ENTRY--PERSONAL NAME
Personal name Amery, Heather
245 ## - TITLE STATEMENT
Title The story of Jesus for young children /
Statement of responsibility, etc. Heather Amery ; illustrated by Norman Young.
300 ## - PHYSICAL DESCRIPTION
Extent 98 pages :
Other physical details colour illustrations + 1 CD-ROM ;
Dimensions 19 cm
520 ## - SUMMARY, ETC.
Summary, etc. The story of Jesus Christ
650 ## - SUBJECT ADDED ENTRY--TOPICAL TERM
Topical term or geographic name entry element Jesus Christ — Biography — Juvenile literature
650 ## - SUBJECT ADDED ENTRY--TOPICAL TERM
Topical term or geographic name entry element Bible stories — Juvenile literature
700 ## - ADDED ENTRY--PERSONAL NAME
Personal name Young, Norman
Relator term illustrator
942 ## - ADDED ENTRY ELEMENTS (KOHA)
Source of classification or shelving scheme Dewey Decimal Classification
Koha item type Books
Suppress in OPAC No
Holdings
Withdrawn status Source of classification or shelving scheme Damaged status Not for loan Home library Current library Date acquired Source of acquisition Cost, normal purchase price Total checkouts Full call number Barcode Date last seen Price effective from Koha item type
  Dewey Decimal Classification     Buru Buru Library Buru Buru Library 03/16/2026 BAI 1124.00   232 AME B230573 03/16/2026 03/16/2026 Books
  Dewey Decimal Classification     Information Access Information Access 03/16/2026 BAI 1124.00   232 AME B229076 03/16/2026 03/16/2026 Books

© 2025, Kenya National Library Service | Designed & Maintained by Uvumbuzi Center